00507nam a2200193 a 4500001001300000003000900013005001700022008004100039020001000080082001300090100002100103245004500124260004500169300000900214500003500223505001000258650002400268700002100292nice12345678IN_TiNIC20260116012205.0050524s1944 chia grp 000 0 eng  ac10000a225bGOO aGoodspeed, Edgar aNew Testamentb an American Translation. aChicagobChicago University Press c1944 a481p aincludes index and biblioraphy2 aIndex aBible-New Testament1 aGoodspeed, Edgar